Alteridad y su itinerario desde las perspectivas multidisciplinares /

Este estudio parte de la necesidad de vincular las distintas perspectivas de la alteridad, a partir de diferentes autores, haciendo un análisis en donde se vinculen las investigaciones encontradas. Con la finalidad de construir un itinerario sobre el procesos hermenéutico de la interacción humana....

Täydet tiedot

Tallennettuna:
Bibliografiset tiedot
Päätekijä: González Silva, Freddy
Aineistotyyppi: Teksti
Aiheet:
Tagit: Lisää tagi
Ei tageja, Lisää ensimmäinen tagi!

MARC

LEADER 00000 a a2200000 04500
001 40563
003
040
100 |a González Silva, Freddy  
245 |a Alteridad y su itinerario desde las perspectivas multidisciplinares /  |c Freddy González Silva  
500 |a gastongonzalez7@yahoo.com  
520 |a Este estudio parte de la necesidad de vincular las distintas perspectivas de la alteridad, a partir de diferentes autores, haciendo un análisis en donde se vinculen las investigaciones encontradas. Con la finalidad de construir un itinerario sobre el procesos hermenéutico de la interacción humana.  
590 |a SJB/OCTUBRE2012  
650 |a ALTERIDAD  
650 |a RELACIONES HUMANAS  
650 |a INTERACCION SOCIAL  
650 |a HERMENEUTICA  
650 |a INVESTIGACION SOCIAL  
773 |g volumen88, número1 (2009), páginas 119-135  
999 |c 24553  |d 24553